Premier League 100 Goal Club - Statistics

General Stats
  • This quiz has been taken 96 times
  • The average score is 17 of 29
Answer Stats
Goals Club Player % Correct
208 Manchester United Wayne Rooney
98%
180 Manchester City Sergio Aguero
94%
144 Tottenham Hotspur Harry Kane
92%
175 Arsenal Thierry Henry
92%
260 Newcastle United Alan Shearer
90%
104 Chelsea Didier Drogba
87%
177 Chelsea Frank Lampard
81%
105 Leicester City Jamie Vardy
78%
120 Liverpool Steven Gerrard
72%
150 Liverpool Michael Owen
71%
109 Manchester United Ryan Giggs
71%
187 Manchester United Andy Cole
63%
144 Arsenal Robin van Persie
55%
107 Manchester United Paul Scholes
53%
108 Stoke City Peter Crouch
53%
162 Tottenham Hotspur Jermain Defoe
50%
163 Liverpool Robbie Fowler
48%
113 Everton Romelu Lukaku
45%
123 Aston Villa Dwight Yorke
43%
126 Tottenham Hotspur Robbie Keane
42%
146 Tottenham Hotspur Teddy Sheringham
38%
100 Southampton Matt le Tissier
37%
125 Chelsea Nicolas Anelka
37%
113 Arsenal Ian Wright
35%
127 Chelsea Jimmy Floyd Hasselbaink
33%
149 Queens Park Rangers Les Ferdinand
31%
106 Sunderland Darren Bent
30%
111 Coventry City Dion Dublin
27%
110 Liverpool Emile Heskey
26%
No matching quizzes found
Score Distribution
Percent of People with Each Score
Percentile by Number Answered
Your Score History
You have not taken this quiz